| 000 | | | 03861nmc2a22002413x 450 |
| 001 | | | de1b4506-d155-4544-90dc-760bdb9b003a |
| 005 | | | 20210426190601.0 |
| 100 | ## | $a | 20210118l19031903k l0rusy0189 ca |
| 101 | 0# | $a | rus |
| 102 | ## | $a | RU |
| 105 | ## | $a | y### |
| 122 | 2# | $a | d |
| 200 | 1# | $a | Переписка по ходатайству Самарско-Уральского управления земледелия и государственных имуществ о разрешении устройства на Ногайской оброчной статье Самарской губернии метеорологической станции |
| | $j | 28 июня - 9 августа 1903 г. |
| 215 | ## | $a | 6 л. |
| | $d | 36,5х26 см |
| 251 | ## | $c | Дело |
| 300 | ## | $a | На обложке имеются карандашные пометы: "Юго-Вост." |
| 371 | ## | $a | Документ не является опубликованным и широко распространяемым |
| 461 | #0 | $1 | 0018c587c29-db4f-47aa-8abc-2c1772aee2f7 |
| | $1 | 2001 |
| | $a | Докладные записки, справки, акты и переписка о передаче в казну Караязского имения Тифлисской губернии, принадлежащего обществу восстановления христианства на Кавказе |
| | $1 | 251 |
| | $c | Дело |
| | $1 | 852 |
| | $j | 695 |
| 462 | #0 | $1 | 0011ad45bc4-c305-4a1e-a4f9-e0213db6ead5 |
| | $1 | 2001 |
| | $a | Опись № 1 |
| | $1 | 251 |
| | $c | Опись |
| | $1 | 852 |
| | $j | 1 |
| 801 | #0 | $a | RU |
| | $b | РГИА |
| | $c | 20210118 |
| | $g | RCR |
| 801 | #1 | $a | RU |
| | $b | ГлавНИВЦ |
| | $c | 20210118 |
| | $2 | rusmarc |
| 801 | #2 | $a | RU |
| | $b | ПБ им. Б.Н. Ельцина |
| | $c | 20210426 |
| | $g | RCR |
| | $2 | rusmarc |
| 850 | ## | $a | РГИА |
| 852 | ## | $a | РГИА |
| | $e | Федеральное казенное учреждение "Российский государственный исторический архив" (РГИА) |
| | $j | 515 |
| 937 | ## | $h | РГИА |
| | $d | 12355726 |
| | $a | ASBIBLIO_SCAN |
| 035 | ## | $a | RusGRCC00018889 |
| 856 | ## | $u | http://readingroom.main.prlib.ru/item.aspx?id_node=n163401958&mode=full |